000
00324 a2200109 4500
001
ART_46203
005
20260410161756.0
008
260409a
245
1
0
_a
La exhumación de la resolución (PGN) 5/2012
100
1
_a
Folco, Carlos Maria
773
0
_t
Doctrina tributaria
_g
- N°457 (abr. 2018)
_w
REV4296
999
_c
20156
_d
20156